The great sinners of the Bible. (Record no. 11063)

000 -LEADER
fixed length control field 00577nam a2200193 a 4500
001 - CONTROL NUMBER
control field :::00008856$&:&@@
003 - CONTROL NUMBER IDENTIFIER
control field OkBaRHE
005 - DATE AND TIME OF LATEST TRANSACTION
control field 20000607103346.0
008 - FIXED-LENGTH DATA ELEMENTS--GENERAL INFORMATION
fixed length control field s1899 j 000 0 eng u
040 ## - CATALOGING SOURCE
Transcribing agency
100 1# - MAIN ENTRY--PERSONAL NAME
Personal name Banks, Louis Albert,
245 14 - TITLE STATEMENT
Title The great sinners of the Bible.
260 ## - PUBLICATION, DISTRIBUTION, ETC. (IMPRINT)
Place of publication, distribution, etc New York, NY., :
Name of publisher, distributor, etc Eaton and Mains
Date of publication, distribution, etc c1899
300 ## - PHYSICAL DESCRIPTION
Extent 329 p. ;
Dimensions 20 cm.
650 ## - SUBJECT ADDED ENTRY--TOPICAL TERM
Topical term or geographic name as entry element Evangelistic Sermons
650 ## - SUBJECT ADDED ENTRY--TOPICAL TERM
Topical term or geographic name as entry element Sermons, American
942 ## - ADDED ENTRY ELEMENTS (KOHA)
Source of classification or shelving scheme
Koha item type Books
Copies
Permanent Location Withdrawn status Price effective from Source of classification or shelving scheme Shelving location Barcode Not for loan Koha item type Lost status Date last seen Date acquired Full call number Copy number Damaged status
RHEMA Bible Training College 2010-04-14 General Stacks8856 Books 2010-04-142010-04-14BV 3797 .B31